000 00338nam a2200133Ia 4500
100 _aJohnsonbaugn/R/ Kalley/G
942 _cBK
654 _aprogramming
245 _aApplications programming In C
260 _bMacmillan I(B I Publications) Xerox Copy
_aNew York
_c1990
082 _a621.3813
_bJOHN
300 _a806
546 _aENGLISH
999 _c17851
_d17851